00297 a2200133 450000100060000002000180000604000240002410000230004824000250007124500200009630000070011636200090012365000310013248092 a9788526296305 cAnchieta - Aquarius aMarques, Christina10aO nariz curiosolpor10aO nariz curioso a320 a2015 4aLiteratura infanto-juvenil